• 首页
  • 本馆介绍
  • 公告通知
  • 最新文献
  • 馆藏检索
  • 电子资源
  • 读者导购
  • 参考咨询
  • 我的图书馆
  • 登录
  • 详细信息显示
  • 放入我的书架
  • 预约/预借图书
  • 作者相关作品
  • 分类相关作品
  • 丛书相关作品
  • 出版社相关作品

书目信息

  • 表格格式
  • 工作单格式
  • 卡片格式
题名:
欧洲现代画派画论
    
 
作者: 赫斯 著 ;宗白华 译
分册:  
出版信息: 桂林   广西师范大学出版社  2002
页数: 304页
开本: 22cm
丛书名: 雅典娜思想译丛
单 册:
中图分类: J209.9
科图分类:
主题词: 现代主义--画派--美术批评--欧洲
电子资源:
ISBN: 7-5633-3234-0
000 00938nam0 2200277 45
001 012002064154
005 20050323170625.3
010    @a7-5633-3234-0@dCNY34.80
100    @a20020808d2002 emky0chiy0110 ea
101 1  @achi@cger
102    @aCN@b450000
105    @aa z 000yd
106    @ar
200 1  @a欧洲现代画派画论@Aou zhou xian dai hua pai hua lun@f(德)瓦尔特·赫斯著@F(De)Wa Er Te·He Si Zhu@g宗白华译
205    @a插图修订本
210    @a桂林@c广西师范大学出版社@d2002
215    @a304页@c图@d22cm
225 2  @a雅典娜思想译丛
330    @a本书介绍了新的造型诸表象的起源、新印象派、野兽派和表现派、立体派、未来派、蓝色骑士派、新的现实和物的魅力、超现实派等欧洲现代画派理论。
410    @12001 @a雅典娜思想译丛
606 0  @a现代主义@x画派@x美术批评@y欧洲
690    @aJ209.9@v4
701  0 @a赫斯@4著
702  0 @a宗白华@Azong bai hua@4译
801    @aCN@bTSTC@c20030513
905    @b323318-320@dJ209.9@e205@f3
    
    欧洲现代画派画论/(德)瓦尔特·赫斯著/宗白华译.-插图修订本.-桂林:广西师范大学出版社,2002
    304页:图;22cm.-(雅典娜思想译丛)
    
    
    ISBN 7-5633-3234-0:CNY34.80
    本书介绍了新的造型诸表象的起源、新印象派、野兽派和表现派、立体派、未来派、蓝色骑士派、新的现实和物的魅力、超现实派等欧洲现代画派理论。
●
相关链接 在E读中查询图书 在五车中查询图书 在当当中查询图书 在豆瓣中查询图书


正题名:欧洲现代画派画论     索取号:J209.9/205         预约/预借

序号 登录号 条形码 馆藏地/架位号 状态 备注
1 0323318   203233189   第一借阅区/ [索取号:J209.9/205] 在馆    
2 0323319   203233198   第一借阅区/ [索取号:J209.9/205] 在馆    
3 0323320   203233205   第一样本阅览室/ [索取号:J209.9/205] 在馆    
4 0326820   203268203   第一借阅区/ [索取号:J209.9/205] 在馆    
5 0326821   203268212   第一借阅区/ [索取号:J209.9/205] 在馆    
6 0326822   203268221   第一借阅区/ [索取号:J209.9/205] 在馆    
7 0345955   203459550   第一借阅区/ [索取号:J209.9/205] 在馆    
8 0345956   203459569   第一借阅区/ [索取号:J209.9/205] 在馆    
9 0345957   203459578   第一借阅区/ [索取号:J209.9/205] 在馆    
10 0345958   203459587   第一借阅区/ [索取号:J209.9/205] 在馆    
11 0345959   203459596   第一借阅区/ [索取号:J209.9/205] 在馆    
唐山师范学院图书馆 欢迎您!
大连网信软件有限公司© 版权所有